000 00423nam a22001817a 4500
005 20260406131702.0
008 260406b |||||||| |||| 00| 0 eng d
020 _a9789388854610
_c2200.00
040 _aMAIN
041 _aEnglish
082 _a572
_bVER
100 _aVerma, Vikran
_926580
245 _aBiochemistry
260 _aNew Delhi
_bDiscovery
_c2025
300 _a214
650 _aChemistry
942 _cBK
999 _c60581
_d60581